000 00916cam a22002055a 4500
001 L149371
008 100225s2010 xxk 000 0 eng d
035 _a(Sirsi) u149371
041 0 _aeng
100 1 _aJack, Simon
245 0 0 _aFocus
_bSussex
260 0 _c2010
490 _aEstates Gazette
_v1007 20 February 2010, 83-91(8)
520 _aDiscusses progress of development schemes across Sussex in light of economic recovery including Brighton Marina Outer and Inner Harbours, West Pier i360, Graylingwell Hospital Chichester, and Enviro21 Innovation Parks Hastings; Pinnacle in Crawley remains unlet since completion at the end of 2008; comparing office market in Eastbourne and Brighton with office, industrial and retail rents statistics.
590 _aKA
651 4 _aSussex
_y1888-
690 _aPROPERTY-COMMERCIAL PROPERTY-COMMERCIAL PROPERTY MARKET
700 1 _aSmith, Melanie
942 _n0
999 _c82162
_d82162